Statistics for the spongebob movie sponge out of water characters.

Click here to take the quiz!

General Stats

  • This quiz has been taken 24 times
  • The average score is 5 of 8

Answer Stats

HintAnswer% Correct
SandyThe Rodent
81%
PlanktonPlank-Ton
81%
Main VillianBurger Beard
75%
SquidwardSour note
63%
The HelperBubbles
56%
Mr KrabsSir pinch alot
44%
SpongebobInvinsabubble
31%
PatrickMr Super awsomeness
31%

Score Distribution

Percentile by Number Answered

Percent of People with Each Score

Your Score History

You have not taken this quiz